000
00246nam a2200097Ia 4500
001
683088
005
20250826161431.0
008
250824s9999 xx 000 0 und d
245
0
_a
57. ALAY GALİÇYA
_c
İSMAİL BİLGİN
260
_b
TİMAŞ YAYINLARI
999
_c
683088
_d
683088